LDR 02171naa#a2200301#i#450# 001 EN\\bibl\115338 005 20260604083152.4 011 ## _a2221-3260 100 ## _a20260331b2026####ek#y0engy0150####ca 102 ## _aRU 200 1# _aTheoretical and Methodological Foundations of the Resource–Flow Method (RFM+) for the Representation of Technological Chains _eJournal article 210 1# _aYaroslavl _cYaroslavl State Technical University _d2026 215 ## _a22 с. 606 ## _aЭкономика. 38.03.01 _aБизнес-информатика. 38.03.05 _aМенеджмент. 38.03.02 _2local 608 ## _aJournal article _2local 675 ## _aАнализ затраты - выпуск в экономике. Межотраслевые балансы. Анализ межотраслевых связей. Модели затраты - выпуск (модели межотраслевого баланса). 330.44 _aОрганизация производства (производственного процесса). Производственное планирование. Конструирование. Контроль на производстве. 658.5 _aАвтоматизация в целом. 65.011.56 _z 686 ## _aПланирование. Экономическое прогнозирование. 6523 _2bbk 686 ## _aЭкономика предприятия (фирмы). 6529 _2bbk 686 ## _aОрганизация производства на предприятии. 7812 _2tbk 686 ## _aУправление затратами. Контроллинг. 7814 _2tbk 686 ## _aУправление бизнес-процессами. Аутсорсинг. 7818 _2tbk 686 ## _aПрикладной менеджмент. 783 _2tbk 686 ## _aТеория экономического анализа. 7721 _2tbk 686 ## _aУчетно-экономические науки. 06.35 _2grnti 686 ## _aНаука управления экономикой. 06.39 _2grnti 686 ## _aОбщая технология производства. 81.13 _2grnti 700 #1 _aDashut _gEvgeniy Savel'evich 856 4# _atheoreticaleconomy.ru _u